Central Library OPAC University of Rajshahi

Electricity, today's technologies and tomorrow's alternatives / (Record no. 67033)

MARC details
000 -LEADER
fixed length control field 00828nam a2200253 a 4500
001 - CONTROL NUMBER
control field 67033
003 - CONTROL NUMBER IDENTIFIER
rucl marc code BD-RjUL
005 - DATE AND TIME OF LATEST TRANSACTION
control field 20211209081617.0
008 - FIXED-LENGTH DATA ELEMENTS--GENERAL INFORMATION
fixed length control field 170322s1981 caua b 001 0 eng
020 ## - INTERNATIONAL STANDARD BOOK NUMBER
International Standard Book Number 0865760039 :
Terms of availability $6.95 (est.)
035 ## - SYSTEM CONTROL NUMBER
System control number (BD-RjUL)67164
040 ## - CATALOGING SOURCE
Original cataloging agency DLC
Transcribing agency DLC
Modifying agency BD-RjUL
Language of cataloging eng
041 ## - LANGUAGE CODE
Language code of text/sound track or separate title eng
082 00 - DEWEY DECIMAL CLASSIFICATION NUMBER
Classification number 621.31
Edition number 23
Author mark and year ELE 1981
110 2# - MAIN ENTRY--CORPORATE NAME
Corporate name or jurisdiction name as entry element Electric Power Research Institute.
9 (RLIN) 198533
245 10 - TITLE STATEMENT
Title Electricity, today's technologies and tomorrow's alternatives /
Statement of responsibility, etc. Electric Power Research Institute.
260 ## - PUBLICATION, DISTRIBUTION, ETC. (IMPRINT)
Place of publication, distribution, etc. Los Altos, Calif. :
Name of publisher, distributor, etc. The Institute,
Date of publication, distribution, etc. c1981.
300 ## - PHYSICAL DESCRIPTION
Pagination vii, 119 p. :
Illustrations ill. ;
Size 28 cm.
504 ## - BIBLIOGRAPHY, ETC. NOTE
Bibliography, etc Includes bibliographical references and index.
650 #0 - SUBJECT ADDED ENTRY--TOPICAL TERM
Topical term or geographic name as entry element Electric power.
9 (RLIN) 198534
Topical term or geographic name as entry element Power resources.
9 (RLIN) 198535
942 ## - ADDED ENTRY ELEMENTS (KOHA)
Source of classification or shelving scheme Dewey Decimal Classification
Koha item type Books
Holdings
Lost status Source of classification or shelving scheme Damaged status Not for loan Collection code Permanent Location Current Location Shelving location Date acquired Source of acquisition Total Checkouts Full call number Date last seen Copy number Koha item type
  Dewey Decimal Classification   Not For Loan Non-fiction Central Library, University of Rajshahi Central Library, University of Rajshahi Reading Room 31/07/1985 Asia Foundation   621.31 ELE 1981 22/03/2017 C-1 Books